00685nam a22002177a 450000500170000001000150001702000260003202000230005803500130008103700130009408200110010710000220011824501120014026000430025227000500029530000340034550000190037965000170039865000260041565000260044120160404121528.0 aENG-115038 a9789339222307c550.00 a933922230xc550.00 aEN-98570 bDBAD/PUB a004.22 aFaroughi, Nikrouz aDigital logic design & computer organisation with computer architecture for security /cby Nikrouz Faroughi aNew DelhibMcGraw Hill Educationc2015 aP-24, Green Park ExtensionbNew Delhie110016 axvii,552p. :c25cm(pbk)bill. aIncludes index aLogic design acomputer organization aComputer architecture